000 00485 a2200145 4500
005 20250430140315.0
020 _a978-0-07-340551-3
082 _aLECT 155 SAN.
100 _aSANTROCK, J. W.
245 _aEssentials of Life-Span Development
260 _aBoston,
_bMcgraw- Hill,
_c2008.
300 _axx,520p,: ill.; figure, picture and table.
_bGlossary, index and reference.
_c27cm.
856 _yAccess Online Book
_fEssentials of Life-Span Development
_dwww.mhhe.com
942 _2ddc
_cBKS
999 _c1840
_d1840